000
00362nam a2200145Ia 4500
008
231129s2001||||xx |||||||||||||| ||spa||
020
_a
958-42-0213-8
040
_b
spa
082
_a
U813 M528p
100
_a
Meltzer Brad
245
0
_a
Los pasadizos del poder
260
_c
2001
264
_a
Planeta
942
_2
ddc
_c
BKS
999
_c
19931
_d
19931